| 000 | 00400nam a2200145 4500 | ||
|---|---|---|---|
| 001 | 4580 | ||
| 005 | 20181127173710.0 | ||
| 020 | 0 | 0 | _a9788184951486 |
| 090 | 0 | 0 | _a303.3 M4651L 2014 |
| 100 | 0 | 0 | _aMaxwell, John C. |
| 245 | 0 | 0 |
_aLeadership : _bWhat everyday leader needs to know / _cJohn C. Naxwell. _h |
| 260 | 0 | 0 |
_aAhmedabad : _bJaico Publisher, _c2014. |
| 300 | 0 | 0 | _a147 p. ; 20 cm. |
| 650 | 0 | 0 |
_aLeadership. _x |
| 999 |
_c3798 _d3798 |
||